000 00374nam a2200145Ia 4500
008 230917s9999||||xx |||||||||||||| ||und||
040 _e37682
_aMAIN
041 _aEnglish
082 _a823.7 T325H:E
100 _aHardy, Barbara
245 4 _aThe exposure of luxury : radical thems in Thackeray
260 _aLondon
_bPeter Owen
_c1972
300 _a190 p.
942 _cBK
999 _c177919
_d177919